banner koha

Ferns of Viçosa, Minas Gerais, Brazil: Didymochlaenaceae and Dryopteridaceae (Registro n. 338551)

MARC details
000 -LÍDER
fixed length control field 03013nab a2200241 i 4500
003 - CÓDIGO MARC DA AGÊNCIA CATALOGADORA
Campo de controle BR-BrBNA
005 - DATA E HORA DA ÚLTIMA ATUALIZAÇÃO
Campo de controle 20251003102422.0
008 - CAMPO DE TAMANHO FIXO
fixed length control field 251003b2022 bl.ar|pooa||| 00| 0 eng |
040 ## - FONTE DA CATALOGAÇÃO
Agência catalogadora BR-BrBNA
Idioma da catalogação eng
072 ## - CATEGORIA AGRIS
Código AGRIS F70
100 ## - ENTRADA PRINCIPAL - NOME PESSOAL
Nome pessoal Matos, Fernando B.
100 ## - ENTRADA PRINCIPAL - NOME PESSOAL
Nome pessoal Schwartsburd, Pedro B.
245 ## - TÍTULO PRINCIPAL
Título principal Ferns of Viçosa, Minas Gerais, Brazil: Didymochlaenaceae and Dryopteridaceae
500 ## - NOTA GERAL
Nota geral Publicação on-line; Bibliography p. 21-23 (86 ref.); 6 illus.; Summaries (En, Pt)
942 ## - ADDED ENTRY ELEMENTS (KOHA)
Koha item type Analítica
520 ## - NOTA DE RESUMO
Nota de conteúdo <br/><br/>Abstract<br/><br/>We present a taxonomic treatment for the species of Didymochlaenaceae and Dryopteridaceae occurring in the<br/>region of Viçosa, Minas Gerais, Brazil. This study was based on 50 herbarium gatherings from IAN, K, NY,<br/>PACA, RB, SP, UPCB, US, and VIC. Didymochlaenaceae is represented by a single species, Didymochlaena<br/>truncatula, whereas Dryopteridaceae has 11 infrageneric taxa in seven genera: Ctenitis (four taxa, including two<br/>varieties), Megalastrum (two species), Mickelia, Parapolystichum, Polybotrya, Rumohra, and Stigmatopteris<br/>(one species each). Among the 12 infrageneric taxa here recognized, seven are endemic to the Brazilian<br/>Atlantic Forest. Ctenitis distans var. isabellina, Megalastrum connexum, and Polybotrya speciosa are here<br/>reported for the first time in Viçosa. Identification keys, descriptions, illustrations, geographical distribution,<br/>and comments are presented to all taxa.<br/><br/>Key words: bolbitidoids, lastreopsids, polybotryoids, pteridophytes, taxonomy.<br/><br/><br/><br/><br/>Resumo<br/><br/>Apresentamos o tratamento taxonômico para as espécies de Didymochlaenaceae e Dryopteridaceae ocorrentes<br/>na região de Viçosa, Minas Gerais, Brasil. Este estudo foi baseado na análise de 50 coletas dos herbários IAN,<br/>K, NY, PACA, RB, SP, UPCB, US e VIC. Didymochlaenaceae está representada por uma única espécie,<br/>Didymochlaena truncatula, enquanto Dryopteridaceae apresenta 11 táxons infragenéricos em sete gêneros: <br/>Ctenitis (quatro táxons, incluindo duas variedades), Megalastrum (duas espécies), Mickelia, Parapolystichum, <br/>Polybotrya, Rumohra e Stigmatopteris (uma espécie cada). Dentre os 12 táxons infragenéricos aqui<br/>reconhecidos, sete são endêmicos da Floresta Atlântica brasileira. Ctenitis distans var. isabellina, Megalastrum <br/>connexum e Polybotrya speciosa são aqui mencionados pela primeira vez em Viçosa. Chaves de identificação,<br/>descrições, ilustrações, distribuição geográfica e comentários são apresentados para todos os táxons.<br/><br/>Palavras-chave: bolbitidóides, lastreopsidas, polibotrióides, pteridófitas, taxonomia.
650 ## - ASSUNTO - THESAGRO
Cabeçalho tópico ou nome geográfico PTERIDÓFITA
650 ## - ASSUNTO - THESAGRO
Cabeçalho tópico ou nome geográfico TAXONOMIA
650 ## - ASSUNTO - THESAGRO
Cabeçalho tópico ou nome geográfico SAMAMBAIA
773 0# - ENTRADA ANALÍTICA
Host Biblionumber 709
Registro do item 357916
Imprenta Rio de Janeiro-RJ Jardim Botanico do Rio de Janeiro 1935
Outro identificador 2025-5881
Título Rodriguésia (Brazil)
ISSN 0370-6583; 2175-7860 on-line
Colação v. 73 p. 1-23; (2022)
Número de controle de registro BR2025002661
856 ## - ACESSO E ENDEREÇO ELETRÔNICO
Identificador uniforme de recurso - URI https://www.scielo.br/j/rod/a/MkmHVkNXk4tkq4sb4Q4ZSPv/?format=pdf&lang=en

Nenhum exemplar disponível.

BINAGRI

Telefone: (61)3218-2567/2388/3357/2097 - binagri@agro.gov.br

Ministério da Agricultura e Pecuária , Esplanada dos Ministérios, Bloco D, Anexo B, Brasília/DF, CEP: 70.043-900